En marcha (Registro nro. 12510)

Detalles MARC
000 -LIDER
fixed length control field 00391nam a22001577a 4500
003 - IDENTIFICACDOR DE NÚMERO DE CONTROL
control field DO-SdBNP
005 - DATE AND TIME OF LATEST TRANSACTION
control field 20170118103356.0
008 - ELEMENTOS DE LONGITUD FIJA
fixed length control field 170118b1997 XXU||||| |||| 00| 0 spa d
020 ## - ISBN
International Standard Book Number 0590908324
040 ## - FUENTE DE CATALOGACIÓN
Agencia que crea de manera original el registro BPMSU
Idioma de catalogación spa
Agencia que realiza la transcripción BPMSU
245 ## - MENCIÓN DE TITULO
Título En marcha
260 ## - PUBLICACIÓN, DISTRIBUCIÓN, ETC. (PIE DE IMPRENTA)
Lugar de publicación, distribución, etc New York :
Nombre del editor, distribuidor, etc. Publishing Group ,
Fecha de publicación, distribución, etc 1997
300 ## - DESCRIPCIÓN FÍSICA
Extensión 610 p. :
Otros detalles físicos il. :
Dimensiones 32 cm
942 ## - ADDED ENTRY ELEMENTS (KOHA)
Source of classification or shelving scheme Dewey Decimal Classification
Koha item type Libros
956 ## - LOCAL ELECTRONIC LOCATION AND ACCESS (OCLC)
Nombre de host dgarcia
Existencias
Withdrawn status Lost status Source of classification or shelving scheme Damaged status Not for loan Collection code Home library Current library Date acquired Source of acquisition Total Checkouts Barcode Date last seen Price effective from Koha item type
    Dewey Decimal Classification     Colección Juvenil General Biblioteca Pública Metropolitana Salomé Ureña Biblioteca Pública Metropolitana Salomé Ureña 01/18/2017 Donado   BPMSU17010723 01/18/2017 01/18/2017 Libros